<?xml version="1.0" encoding="UTF-8"?>
<record
    xmlns:xsi="http://www.w3.org/2001/XMLSchema-instance"
    xsi:schemaLocation="http://www.loc.gov/MARC21/slim http://www.loc.gov/standards/marcxml/schema/MARC21slim.xsd"
    xmlns="http://www.loc.gov/MARC21/slim">

  <leader>00221nam a22000857a 4500</leader>
  <controlfield tag="001">1236343</controlfield>
  <controlfield tag="005">20251001162327.0</controlfield>
  <datafield tag="245" ind1=" " ind2=" ">
    <subfield code="a">GELECE&#x11E;&#x130; G&#xD6;RME ORTAKLI&#x11E;I</subfield>
    <subfield code="c">TOLGA G&#xDC;M&#xDC;&#x15E;AY</subfield>
  </datafield>
  <datafield tag="260" ind1=" " ind2=" ">
    <subfield code="b">G&#xDC;NI&#x15E;I&#x11E;I K&#x130;TAPLI&#x11E;I YAYINLARI</subfield>
  </datafield>
  <datafield tag="999" ind1=" " ind2=" ">
    <subfield code="c">1236343</subfield>
    <subfield code="d">1236343</subfield>
  </datafield>
  <datafield tag="952" ind1=" " ind2=" ">
    <subfield code="0">0</subfield>
    <subfield code="1">0</subfield>
    <subfield code="2">ddc</subfield>
    <subfield code="4">0</subfield>
    <subfield code="7">0</subfield>
    <subfield code="a">1028</subfield>
    <subfield code="b">1028</subfield>
    <subfield code="d">2025-10-01</subfield>
    <subfield code="l">1</subfield>
    <subfield code="p">10287627</subfield>
    <subfield code="r">2026-04-22 11:14:14</subfield>
    <subfield code="s">2026-04-01</subfield>
    <subfield code="w">2025-10-01</subfield>
    <subfield code="y">BK</subfield>
  </datafield>
</record>
